| 000 | 01963nam0a2200349 4500 | ||
|---|---|---|---|
| 001 | RU\NLR\bibl\50683 | ||
| 005 | 20260407045045.0 | ||
| 010 |
_a5-7670-1022-6 _92000 |
||
| 021 |
_aRU _b99-28643 _91393 |
||
| 035 | _a(NLR Aleph) 000049413 | ||
| 090 |
_a263801 _c263801 |
||
| 100 | _a19991004d1999 |||y0rusy50 ca | ||
| 101 | 0 | _arus | |
| 102 | _aRU | ||
| 105 | _aa z ||||| | ||
| 200 | 1 |
_aАзбука вашей безопасности _eМетод. пособие для учителей нач. и сред. общеобразоват. шк. и работников дошкол. учреждений _fМ-во образования Чуваш. Респ., Упр. Гос. противопожар. службы МВД Чуваш. Респ. |
|
| 210 |
_aЧебоксары _cЧуваш. кн. изд-во _d1999 |
||
| 215 |
_a224 с. _cил. _d21 |
||
| 320 | _aБибилиогр.: с. 221-222 | ||
| 606 | 0 |
_aПожарная охрана _jМетодические пособия _xИзучение в дошкольных учреждениях _91901894 _3RU\NLR\auth\66865929 |
|
| 606 | 1 |
_aДошкольники _jМетодические пособия _xОбучение правилам пожарной безопасности _92276404 _3RU\NLR\auth\661364134 |
|
| 606 | 0 |
_aПожарная охрана _jМетодические пособия _xИзучение в школе _91901896 _3RU\NLR\auth\66865930 |
|
| 606 | 1 |
_aШкольники _jМетодические пособия _xОбучение правилам пожарной безопасности _92607282 _3RU\NLR\auth\661543840 |
|
| 686 | _aЧ411.352.23я8 | ||
| 686 | _aЧ421.352.23я8 | ||
| 712 | 0 | 1 |
_4570 _aЧувашская Республика _bМинистерство образования _3RU\NLR\AUTH\8810017872 _9533595 |
| 801 | 0 |
_aRU _bNLR _c19991004 _gPSBO |
|
| 801 | 1 |
_aRU _bNLR _c19991004 |
|
| 852 |
_aNLR _j99-3/11744 |
||
| 942 | _cBOOK | ||
| 980 | _aNB | ||